[Event "Cardiff Welsh op"]
[Site "Cardiff"]
[Date "2023.04.10"]
[Round "7"]
[White "Buttell, David"]
[Black "Jansen van Rensburg, Leon"]
[Result "1-0"]
[WhiteElo "1691"]
[BlackElo "1512"]
[PlyCount "83"]
[EventDate "2023.04.07"]
[EventType "swiss"]
[EventRounds "7"]
[EventCountry "WLS"]
[SourceTitle "EXT 2024"]
[Source "ChessBase"]
[SourceDate "2023.10.10"]
[SourceVersion "1"]
[SourceVersionDate "2023.10.10"]
[SourceQuality "1"]

1. d4 d5 2. c4 c6 3. Nf3 Nf6 4. Nc3 e6 5. e3 Nbd7 6. Bd2 Be7 7. Rc1 c5 8. cxd5 Nxd5 9. Nxd5 exd5 10. Be2 c4 11. 0-0 0-0 12. Bc3 b5 13. b4 Bb7 14. Nd2 f5 15. Bf3 Bd6 16. g3 Bc7 17. a4 a6 18. Ra1 Qg5 19. Bg2 Nb6 20. Nf3 Qe7 21. axb5 axb5 22. Qc2 Na4 23. Rfc1 Bd6 24. Be1 Bxb4 25. Bxb4 Qxb4 26. Ne5 Qd6 27. Rcb1 Bc6 28. Nxc6 Qxc6 29. Rb4 g6 30. Rab1 Rfb8 31. h4 Ra5 32. h5 Nb6 33. hxg6 hxg6 34. Bf3 Rb7 35. Kg2 Rh7 36. Qb2 Na4 37. Qc2 Rh6 38. Rxb5 Rxb5 39. Qxa4 Rb6 40. Qxc6 Rxb1 41. Qe6+ Kg7 42. Bxd5 1-0

[Event "Cardiff Welsh op"]
[Site "Cardiff"]
[Date "2023.04.09"]
[Round "5"]
[White "Kong, Emma Zihan"]
[Black "Jansen van Rensburg, Leon"]
[Result "0-1"]
[WhiteElo "1223"]
[BlackElo "1512"]
[PlyCount "106"]
[EventDate "2023.04.07"]
[EventType "swiss"]
[EventRounds "7"]
[EventCountry "WLS"]
[SourceTitle "EXT 2024"]
[Source "ChessBase"]
[SourceDate "2023.10.10"]
[SourceVersion "1"]
[SourceVersionDate "2023.10.10"]
[SourceQuality "1"]

1. d4 d5 2. c4 c6 3. Nc3 Nf6 4. Bg5 e6 5. e3 h6 6. Bh4 g5 7. Bg3 Bb4 8. a3 Bxc3+ 9. bxc3 Ne4 10. Bxb8 Rxb8 11. Ne2 dxc4 12. Qa4 Qb6 13. Qc2 Nf6 14. Ng1 Qa6 15. Nf3 b5 16. Nd2 Qa5 17. Be2 Nd5 18. Bf3 Bd7 19. Bxd5 cxd5 20. Ke2 Qc7 21. Nf3 a6 22. Ne5 a5 23. Rhb1 Ke7 24. e4 Bc6 25. f3 Kd6 26. Ng4 Qe7 27. e5+ Kc7 28. Nf6 Rb7 29. Qa2 Qf8 30. Rb2 Qg7 31. Qb1 h5 32. Qc2 g4 33. f4 Rh6 34. Rf1 Rxf6 35. exf6 Qxf6 36. Qh7 Qg6 37. Qxg6 fxg6 38. Kf2 Kd6 39. Kg3 Rf7 40. Rff2 b4 41. axb4 axb4 42. Rxb4 g5 43. fxg5 h4+ 44. Kxh4 Rxf2 45. g6 Ke7 46. Kg5 Rxg2 47. Rb6 Be8 48. Rb7+ Kf8 49. g7+ Kg8 50. Re7 Bf7 51. Kf6 Rf2+ 52. Kg5 Kxg7 53. Kxg4 Rxh2 0-1

[Event "Cardiff Welsh op"]
[Site "Cardiff"]
[Date "2023.04.08"]
[Round "4"]
[White "Jansen van Rensburg, Leon"]
[Black "Thomas, Mark"]
[Result "0-1"]
[WhiteElo "1512"]
[BlackElo "1789"]
[PlyCount "76"]
[EventDate "2023.04.07"]
[EventType "swiss"]
[EventRounds "7"]
[EventCountry "WLS"]
[SourceTitle "EXT 2024"]
[Source "ChessBase"]
[SourceDate "2023.10.10"]
[SourceVersion "1"]
[SourceVersionDate "2023.10.10"]
[SourceQuality "1"]

1. e4 g6 2. d4 Bg7 3. Nc3 d6 4. Be2 Nc6 5. Be3 Nf6 6. h4 h6 7. Qd2 a6 8. f3 e5 9. d5 Nd4 10. Bxd4 exd4 11. Qxd4 0-0 12. Qd2 Qe7 13. g4 Nd7 14. 0-0-0 b5 15. f4 Nc5 16. Bf3 b4 17. Nb1 Rb8 18. Re1 Na4 19. c3 bxc3 20. bxc3 Bd7 21. g5 Rxb1+ 22. Kxb1 Rb8+ 23. Kc1 Bxc3 24. Qe3 Bxe1 25. Qxe1 Nc5 26. Qe3 c6 27. Qd4 h5 28. e5 dxe5 29. fxe5 cxd5 30. Bxd5 Bf5 31. Ne2 Nd3+ 32. Kd2 Rb2+ 33. Ke3 Nxe5 34. Be4 Ng4+ 35. Kf3 Rb4 36. Qxb4 Qxb4 37. Bxf5 gxf5 38. Rc1 Qe4+ 0-1

[Event "Cardiff Welsh Spring op"]
[Site "Cardiff"]
[Date "2023.03.04"]
[Round "3"]
[White "Jansen van Rensburg, Leon"]
[Black "Young, Alan J"]
[Result "0-1"]
[WhiteElo "1501"]
[BlackElo "2058"]
[PlyCount "76"]
[EventDate "2023.03.04"]
[EventType "swiss"]
[EventRounds "5"]
[EventCountry "WLS"]
[SourceTitle "EXT 2024"]
[Source "ChessBase"]
[SourceDate "2023.10.10"]
[SourceVersion "1"]
[SourceVersionDate "2023.10.10"]
[SourceQuality "1"]

1. e4 e5 2. f4 exf4 3. Nf3 g5 4. h4 g4 5. Ng5 Nf6 6. Bc4 d5 7. exd5 Bd6 8. Nc3 h6 9. Qe2+ Qe7 10. Qxe7+ Kxe7 11. Nge4 Bf5 12. Nxd6 Kxd6 13. d3 Re8+ 14. Kf2 g3+ 15. Kf3 Nbd7 16. Bxf4+ Ne5+ 17. Bxe5+ Rxe5 18. Rae1 Rxe1 19. Rxe1 Rg8 20. Ne4+ Bxe4+ 21. dxe4 Ng4 22. Bb3 Ne5+ 23. Kf4 Rg4+ 24. Kf5 Rxh4 25. c4 b6 26. Re3 Rg4 27. Rc3 Rg5+ 28. Kf4 Ng6+ 29. Ke3 h5 30. Bd1 h4 31. Rc1 h3 32. Bf3 Nh4 33. gxh3 g2 34. Rg1 Rg3 35. Kf2 Rxf3+ 36. Ke2 Rxh3 37. Kf2 Ke7 38. b3 Ng6 0-1

[Event "South Wales Autumn op"]
[Site "Newport"]
[Date "2018.11.18"]
[Round "4"]
[White "Jansen van Rensburg, Leon"]
[Black "Morgans, Justin"]
[Result "0-1"]
[WhiteElo "1568"]
[BlackElo "1650"]
[PlyCount "61"]
[EventDate "2018.11.16"]
[EventType "swiss"]
[EventRounds "5"]
[EventCountry "WLS"]
[SourceTitle "EXT 2020"]
[Source "ChessBase"]
[SourceDate "2019.10.17"]
[SourceVersion "1"]
[SourceVersionDate "2019.10.17"]
[SourceQuality "1"]

1. e4 c6 2. Nf3 d5 3. Nc3 dxe4 4. Nxe4 Bf5 5. Ng3 Bg6 6. Nh4 e6 7. Nxg6 hxg6 8. d3 Bd6 9. Ne4 Nf6 10. Nxd6+ Qxd6 11. h3 Nbd7 12. Qe2 0-0-0 13. Bd2 Qd5 14. Rg1 Nb6 15. b3 Qd4 16. Qd1 Nbd5 17. Qc1 Nc3 18. Be3 Qe5 19. Qb2 Nfd5 20. d4 Qh5 21. g4 Qh4 22. Bd2 Ne4 23. 0-0-0 Qxf2 24. Rg2 Qf3 25. c4 Ne3 26. Bxe3 Qxe3+ 27. Kb1 Nc3+ 28. Kc2 Nxd1 29. Kxd1 Rxd4+ 30. Kc2 Rhd8 31. Qc1 0-1

[Event "South Wales Autumn op"]
[Site "Newport"]
[Date "2018.11.17"]
[Round "3"]
[White "Chung, Ethan Cheung Jing"]
[Black "Jansen van Rensburg, Leon"]
[Result "1-0"]
[WhiteElo "1584"]
[BlackElo "1568"]
[PlyCount "61"]
[EventDate "2018.11.16"]
[EventType "swiss"]
[EventRounds "5"]
[EventCountry "WLS"]
[SourceTitle "EXT 2020"]
[Source "ChessBase"]
[SourceDate "2019.10.17"]
[SourceVersion "1"]
[SourceVersionDate "2019.10.17"]
[SourceQuality "1"]

1. e4 d6 2. d4 Nf6 3. Nc3 g6 4. Nf3 Bg7 5. Be3 a6 6. Qd2 b5 7. Bd3 Bb7 8. a3 Ng4 9. h3 Nxe3 10. Qxe3 Nd7 11. g4 c5 12. d5 Qa5 13. Qd2 b4 14. Nd1 Rc8 15. Bc4 Nb6 16. Ba2 Na4 17. axb4 cxb4 18. Bb3 0-0 19. Rxa4 Qc7 20. Rxb4 a5 21. Ra4 e6 22. dxe6 fxe6 23. Bxe6+ Kh8 24. Bxc8 Rxc8 25. 0-0 Re8 26. Nc3 Qc6 27. Rxa5 Bxc3 28. Qxc3+ Qxc3 29. bxc3 Rxe4 30. Rb1 Re7 31. Ra7 1-0

[Event "South Wales op 15th"]
[Site "Cardiff"]
[Date "2018.07.11"]
[Round "8"]
[White "Jansen van Rensburg, Leon"]
[Black "Robertson, Jim"]
[Result "1-0"]
[WhiteElo "1555"]
[BlackElo "1604"]
[PlyCount "79"]
[EventDate "2018.07.07"]
[EventType "swiss"]
[EventRounds "9"]
[EventCountry "WLS"]
[SourceTitle "EXT 2019"]
[Source "ChessBase"]
[SourceDate "2018.10.10"]
[SourceVersion "1"]
[SourceVersionDate "2018.10.10"]
[SourceQuality "1"]

1. e4 c6 2. Nf3 d5 3. Nc3 e6 4. e5 c5 5. Bb5+ Bd7 6. 0-0 Bxb5 7. Nxb5 a6 8. Na3 Nc6 9. c3 Nge7 10. d4 cxd4 11. cxd4 Nf5 12. Nc2 Be7 13. g4 Nh4 14. Nxh4 Bxh4 15. f4 g5 16. f5 Ke7 17. b3 Qg8 18. Qf3 Nd8 19. Ba3+ Kd7 20. Ne3 f6 21. fxe6+ Qxe6 22. Nxd5 fxe5 23. Nf6+ Kc8 24. Qc3+ Qc6 25. Qxc6+ Nxc6 26. d5 Nd4 27. d6 Kd8 28. Bb2 Rc8 29. Bxd4 exd4 30. Rad1 Rc2 31. Rxd4 Bf2+ 32. Rxf2 Rxf2 33. Kxf2 Rf8 34. Kg3 Rxf6 35. h4 h6 36. hxg5 hxg5 37. Rd5 Rg6 38. Kf3 Kd7 39. Ke4 Ke6 40. d7 1-0

[Event "South Wales op 15th"]
[Site "Cardiff"]
[Date "2018.07.08"]
[Round "3"]
[White "MacDonald, Duncan"]
[Black "Jansen van Rensburg, Leon"]
[Result "0-1"]
[WhiteElo "1634"]
[BlackElo "1555"]
[PlyCount "74"]
[EventDate "2018.07.07"]
[EventType "swiss"]
[EventRounds "9"]
[EventCountry "WLS"]
[SourceTitle "EXT 2019"]
[Source "ChessBase"]
[SourceDate "2018.10.10"]
[SourceVersion "1"]
[SourceVersionDate "2018.10.10"]
[SourceQuality "1"]

1. c4 Nf6 2. Nc3 g6 3. g3 Bg7 4. Bg2 d6 5. Nf3 0-0 6. 0-0 Nbd7 7. d3 e5 8. Bg5 h6 9. Bd2 c6 10. Qc1 Kh7 11. Rb1 d5 12. Na4 Re8 13. b4 e4 14. Ne1 d4 15. Nc2 Nb6 16. Nc5 exd3 17. exd3 Nbd7 18. Nb3 Ne5 19. Ne1 Bf5 20. Qc2 Rc8 21. Bf4 b5 22. Bxe5 Rxe5 23. Nf3 Re7 24. Nbxd4 bxc4 25. Qxc4 Bd7 26. Rfe1 Nd5 27. Rxe7 Qxe7 28. b5 Qd6 29. bxc6 Bxc6 30. Nb5 Qd7 31. a4 a6 32. Na3 Nc3 33. Re1 Bxf3 34. Qf4 Ne2+ 35. Rxe2 Bxe2 36. Be4 Bxd3 37. Bg2 Qc7 0-1

[Event "Tom Weston Major op"]
[Site "Cardiff"]
[Date "2018.04.02"]
[Round "6"]
[White "Stuart, Neil"]
[Black "Jansen van Rensburg, Leon"]
[Result "1-0"]
[WhiteElo "1737"]
[BlackElo "1497"]
[PlyCount "83"]
[EventDate "2018.03.30"]
[EventType "swiss"]
[EventRounds "7"]
[EventCountry "WLS"]
[SourceTitle "EXT 2020"]
[Source "ChessBase"]
[SourceDate "2019.10.17"]
[SourceVersion "1"]
[SourceVersionDate "2019.10.17"]
[SourceQuality "1"]

1. d4 Nf6 2. Nf3 g6 3. c4 Bg7 4. Nc3 0-0 5. e4 d6 6. Be2 Nbd7 7. 0-0 c5 8. d5 Ng4 9. Bf4 Nge5 10. Qd2 Nxf3+ 11. Bxf3 Ne5 12. Be2 f5 13. Bh6 e6 14. Bxg7 Kxg7 15. Rad1 fxe4 16. Nxe4 exd5 17. Qxd5 Nf7 18. Nxd6 Nxd6 19. Qxd6 Qxd6 20. Rxd6 Bf5 21. Bf3 Rab8 22. Re1 b6 23. Re7+ Rf7 24. Rxf7+ Kxf7 25. Kf1 Ke7 26. Rd2 Rd8 27. Ke1 Rxd2 28. Kxd2 Kd6 29. Ke3 Ke5 30. Be2 Bb1 31. a3 g5 32. Bd3 Bxd3 33. Kxd3 h5 34. Ke3 Kf5 35. f3 a6 36. a4 Ke5 37. g3 Kf5 38. h3 g4 39. fxg4+ hxg4 40. hxg4+ Kxg4 41. Kf2 Kg5 42. Kf3 1-0

[Event "Tom Weston Major op"]
[Site "Cardiff"]
[Date "2018.03.30"]
[Round "3"]
[White "Jansen van Rensburg, Leon"]
[Black "Thomas, Roy"]
[Result "1-0"]
[WhiteElo "1497"]
[BlackElo "1701"]
[PlyCount "85"]
[EventDate "2018.03.30"]
[EventType "swiss"]
[EventRounds "7"]
[EventCountry "WLS"]
[SourceTitle "EXT 2020"]
[Source "ChessBase"]
[SourceDate "2019.10.17"]
[SourceVersion "1"]
[SourceVersionDate "2019.10.17"]
[SourceQuality "1"]

1. e4 c5 2. Nc3 a6 3. a4 Nc6 4. f4 d6 5. Nf3 g6 6. Bc4 Bg7 7. 0-0 Nf6 8. h3 0-0 9. d3 e6 10. Ba2 Nb4 11. Bb3 d5 12. e5 Ne8 13. Ne2 Nc7 14. c3 Nc6 15. d4 c4 16. Bc2 Bd7 17. Qe1 b5 18. a5 Ne8 19. h4 Nxa5 20. Qg3 f5 21. exf6 Nxf6 22. Ne5 Nb3 23. Bxb3 cxb3 24. f5 exf5 25. Bg5 Ne4 26. Qe3 Qe8 27. Bh6 a5 28. Bxg7 Kxg7 29. Nf4 Be6 30. Rf3 a4 31. Nh3 Qe7 32. Ng5 h6 33. Nxe4 fxe4 34. Rg3 Bf5 35. Rf1 Ra6 36. Rf4 Raf6 37. Qe2 Qe6 38. Qxb5 Qa6 39. Qxd5 Qe2 40. Qb7+ Kh8 41. Rxf5 Rxf5 42. Nxg6+ Kg8 43. Nf4+ 1-0

[Event "South Wales Autumn op"]
[Site "Pencoed"]
[Date "2017.10.15"]
[Round "5"]
[White "Jaberansari, Daniel"]
[Black "Jansen van Rensburg, Leon"]
[Result "1-0"]
[WhiteElo "1422"]
[BlackElo "1584"]
[PlyCount "155"]
[EventDate "2017.10.13"]
[EventType "swiss"]
[EventRounds "5"]
[EventCountry "WLS"]
[SourceTitle "EXT 2020"]
[Source "ChessBase"]
[SourceDate "2019.10.17"]
[SourceVersion "1"]
[SourceVersionDate "2019.10.17"]
[SourceQuality "1"]

1. e4 c5 2. c3 d6 3. Nf3 g6 4. Bc4 Bg7 5. d3 e6 6. Qe2 a6 7. 0-0 Ne7 8. Bg5 b5 9. Bb3 Nbc6 10. Nbd2 Bb7 11. Rfd1 0-0 12. Nf1 Qd7 13. Ne3 Rae8 14. Ng4 f5 15. exf5 Nxf5 16. Re1 d5 17. Nge5 Nxe5 18. Nxe5 Bxe5 19. Qxe5 Qf7 20. Rf1 c4 21. Bc2 Qd7 22. d4 Rf7 23. Rae1 Bc8 24. Re2 Ref8 25. Rfe1 Ng7 26. Bh6 Qe7 27. Bxg7 Rxg7 28. h3 Rgf7 29. Rf1 a5 30. b3 Qa3 31. Qe3 Ra7 32. Qc1 Qxa2 33. Bd1 cxb3 34. Rxa2 bxa2 35. Qb2 Bd7 36. Qxa2 a4 37. Bf3 Rc8 38. Qa3 Rac7 39. Rc1 Rb8 40. Kf1 b4 41. cxb4 Rxc1+ 42. Qxc1 Rxb4 43. Qa1 Rb7 44. Qa2 Ra7 45. Kg1 a3 46. Be2 Kf7 47. Kh2 Kf6 48. Kg3 Be8 49. Kf4 g5+ 50. Kg3 Bf7 51. Bd3 h6 52. h4 e5 53. hxg5+ hxg5 54. Qa1 e4 55. Bc2 Bg6 56. Bb3 Bf5 57. Qa2 Ra5 58. Qd2 Ra7 59. Qb4 Be6 60. Ba4 a2 61. Qa3 Bd7 62. Qxa2 Rxa4 63. Qxd5 Be6 64. Qe5+ Kf7 65. Qxe4 Ra3+ 66. Kh2 Ra5 67. Qb7+ Kf6 68. Qc6 Rd5 69. Qc3 g4 70. Qe3 Rh5+ 71. Kg1 Rf5 72. Qh6+ Ke7 73. Qg7+ Rf7 74. Qg5+ Kd6 75. Qe5+ Ke7 76. d5 Rf6 77. dxe6 Rxe6 78. Qg5+ 1-0

[Event "Dyfed op"]
[Site "Fishguard"]
[Date "2017.02.25"]
[Round "2"]
[White "Jansen van Rensburg, Leon"]
[Black "Horrell, Stephen A"]
[Result "0-1"]
[WhiteElo "1700"]
[BlackElo "1461"]
[PlyCount "84"]
[EventDate "2017.02.24"]
[EventType "swiss"]
[EventRounds "5"]
[EventCountry "WLS"]
[SourceTitle "EXT 2019"]
[Source "ChessBase"]
[SourceDate "2018.10.10"]
[SourceVersion "1"]
[SourceVersionDate "2018.10.10"]
[SourceQuality "1"]

1. e4 e6 2. d3 d5 3. Nd2 Nf6 4. g3 c5 5. Bg2 d4 6. e5 Nd5 7. Ngf3 Nc6 8. 0-0 Be7 9. Re1 0-0 10. h4 Qc7 11. Nf1 f5 12. exf6 Nxf6 13. Bf4 Bd6 14. Bd2 Ng4 15. Ng5 e5 16. Ne4 Bd7 17. Nh2 Nf6 18. Bg5 Nxe4 19. Bxe4 Be6 20. Qh5 Bf5 21. Bd5+ Kh8 22. Ng4 Bg6 23. Qh6 gxh6 24. Nxh6 Be7 25. Bd2 Bf6 26. Rf1 Qd7 27. Bg2 Bg7 28. Rae1 Rae8 29. a3 Ne7 30. f3 Nd5 31. Ng4 Bf5 32. Nf2 h5 33. Re2 Re6 34. Rfe1 Bh6 35. Bg5 Bxg5 36. hxg5 Ne3 37. Ne4 Bxe4 38. dxe4 Nxg2 39. Kxg2 Qg7 40. Rh1 Qxg5 41. g4 Rh6 42. Kf2 hxg4 0-1